| 000 | 00588nam a22001817a 4500 | ||
|---|---|---|---|
| 003 | OSt | ||
| 005 | 20260521073717.0 | ||
| 008 | 201217b2003 dr 00| 0 eng d | ||
| 040 |
_aDO-SdBNP _bspa _cBNPHU |
||
| 100 | 1 |
_aSang, Mu-Kien A. _d1955- _q(Mu-Kien Adriana) _9331 |
|
| 245 |
_aDe Lilis a Trujilo, de Luis F. Mejía / _cMu-Kien Adriana Sang Ben. |
||
| 260 |
_aSanto Domingo : _bSociedad Dominicana de Bibliófilos, _c2003. |
||
| 300 |
_a18 p. ; _c23 cm. |
||
| 490 | 1 |
_aConferencias _v4 |
|
| 590 | _aInventariado, 2020 /LP | ||
| 830 | 0 |
_aConferencias, no. 4 _977624 |
|
| 942 |
_2ddc _cLBS1 |
||
| 999 |
_c49294 _d49294 |
||